| 000 | 00760nam a2200193 i 4500 | ||
|---|---|---|---|
| 001 | 154618 | ||
| 003 | ES-MaACL | ||
| 005 | 20250822062554.0 | ||
| 008 | 001102s1882 sp |||| | spa d | ||
| 100 | 1 |
_aGonzález Serrano, U., _d1848-1904 _958968 |
|
| 245 | 1 | 0 |
_aPreocupaciones sociales _b: ensayos de psicología popular / _cpor Urbano González Serrano. |
| 260 |
_aPlasencia : _b[s.n.], _c1882 ( _fImp. de El Extremeño) |
||
| 300 |
_aXXXXII, 85 p. ; _c22 cm. |
||
| 530 | _aDisponible en formato digital. | ||
| 650 | 7 |
_aPsicología _2embne _916540 |
|
| 852 |
_aES-MaACL _jF-7432 _z- Enc. pasta española |
||
| 856 |
_uhttps://bvpb.mcu.es/es/consulta/registro.do?id=399711 _zBiblioteca Virtual del Patrimonio Bibliográfico |
||
| 999 |
_c154618 _d154618 |
||